| 000 | 00886nam a22002175i 4500 | ||
|---|---|---|---|
| 001 | 161079 | ||
| 003 | ES-MaACL | ||
| 005 | 20250917063056.0 | ||
| 008 | 970905s1895 sp a |||| | spa d | ||
| 040 |
_aAR _bspa _cAR |
||
| 100 | 1 |
_aOrtega Rubio, Juan, _d1845-1921 _987490 |
|
| 245 | 1 | 3 |
_aLos pueblos de la provincia de Valladolid / _cpor Juan Ortega Rubio. |
| 260 |
_aValladolid : _bDiputación Provincial de Valladolid, _c1895 ( _fImp. y enc. del Hospicio Provincial) |
||
| 300 |
_a2 v. (IX, 395 ; IX, 356 p.), [1] h. de map., [45] h. de lám. : _bil. ; _c22 cm. |
||
| 505 | 8 | _aApéndices | |
| 530 | _aDisponible en formato digital. | ||
| 651 | 4 |
_aValladolid (Provincia)- _xHistoria. _9153449 |
|
| 852 |
_aES-MaACL _jG-3814-15 _z-- Enc. cart. |
||
| 856 |
_uhttp://bdh-rd.bne.es/viewer.vm?id=0000137655&page=1 _zBiblioteca Digital Hispánica |
||
| 999 |
_c161079 _d161079 |
||